| 000 | 01134naa a22003617a 4500 | ||
|---|---|---|---|
| 001 | BR8106216 | ||
| 003 | BR-BrBNA | ||
| 005 | 20240918174914.0 | ||
| 007 | ta | ||
| 008 | 230509b bl.||||| |||| 00| 0 por d | ||
| 040 |
_aBR-BrBNA _bpor _cBiblioteca Nacional de Agricultura |
||
| 041 | _a(Pt) | ||
| 072 | _aT00 | ||
| 090 | _aT00 BR8106216 | ||
| 100 | 1 | _aAngelis, D.F. de | |
| 100 | 1 | _aCorso, C.R. | |
| 100 | 1 | _aOliveira, J.E. de | |
| 100 | 1 | _aKiyan, C. | |
| 100 | 1 | _aTeramoto, A. | |
| 111 | 1 |
_a2. Seminario Regional de Ecologia _cSao Carlos, SP (Brazil) _d27 Nov 1980 |
|
| 245 | 1 | _aCorantes tipo azo removidos por meio biologico | |
| 260 | 3 |
_aSao Carlos, SP (Brasil): _c1981. |
|
| 500 | _a2. Seminario Regional de Ecologia Sao Carlos, SP (Brasil): 1981. p. 287-303 (BR8106216-AM)T00 | ||
| 650 | _aFUNGO | ||
| 650 | _aMEIO DE CULTURA | ||
| 650 | _aCORANTE | ||
| 650 | _aABSORCAO | ||
| 650 | _aRESIDUO INDUSTRIAL | ||
| 650 | _aBIOMASSA | ||
| 773 | 0 |
_t2. Seminario Regional de Ecologia _wT00 BR8106216 _gSao Carlos, SP (Brasil), 1981. p. 287-303 |
|
| 909 |
_a202404 _bLucia _c55 _dLucia Elande |
||
| 942 |
_cAM _2AGRIS |
||
| 999 |
_c314318 _d314318 |
||